Castellano 4

Сохранить в:
Библиографические подробности
Главные авторы: Pascual K., Patricia (autora), Ibáñez Walker, Paula (Автор)
Формат:
Язык:испанский
Опубликовано: Santiago Arrayán 1981
Предметы:
Метки: Добавить метку
Нет меток, Требуется 1-ая метка записи!

MARC

LEADER 00000nam a2200000 a 4500
001 UCY8456
003 CL-VaPUC
008 950703e19810000CL |||||||||||||||||spa|d
082 0 4 |a 372.6  |b PAS  |2 21 
100 |a Pascual K., Patricia  |e autora  |9 350990 
700 |a Ibáñez Walker, Paula  |e author  |9 354117 
245 1 0 |a Castellano 4 
300 |a 176 p 
942 |c BK 
945 |d 19950703 00:00:00  |a mfernand 
260 |a Santiago  |b Arrayán  |c 1981 
500 |a Incluye en forma separada texto para el profesor 
650 0 |a Enseñanza de la lectura  |9 308364 
650 0 |a Lectura  |9 307634 
650 0 |a Enseñanza de la escritura  |9 307377 
650 0 |a Gramática  |9 270497 
650 0 |a Español  |9 255372 
583 |a last modification  |c 19950703 00:00:00  |k Rodrigo Vera 
999 |c 235696  |d 235694 
952 |0 0  |1 0  |4 0  |6 372_600000000000000_PAS_1981  |7 0  |8 P  |9 243285  |a BIBEDU  |b BIBEDU  |c BIBEDU_PB  |d 2019-11-18  |i 1525956  |o 372.6 PAS 1981  |p 1525956  |r 2024-01-25  |w 2019-11-18  |y BK  |k EDU 
952 |0 0  |1 0  |4 0  |6 372_600000000000000_PAS_1981  |7 0  |8 P  |9 243286  |a BIBEDU  |b BIBEDU  |c BIBEDU_PB  |d 2019-11-18  |i 1525964  |o 372.6 PAS 1981  |p 1525964  |r 2024-01-25  |w 2019-11-18  |y BK  |k EDU